Score 0/22 Timer 03:00
0 Plays Today
% Correct
BART
99.5%
BARK
97.4%
LISA
95.9%
PISA
92.8%
PACK
92.7%
MARGE
92.5%
PICK
91.3%
HOMER
89.8%
HONEY
88.6%
BACK
88.2%
BARGE
87.5%
% Correct
CARTE
86.4%
CONEY
85.8%
HOMEY
84.8%
CASES
84.6%
PICA
83.9%
CASTS
83%
CANES
83%
CONES
79.8%
CASTE
79.6%
CARRÉ
54.1%
BARRE
53%

Today's Daily Dose

Missing Word
'T' Pairs

Word Ladder
Game Pieces

Get the Picture
Baseball Movies

Remove Ads.
Support Sporcle.
Get the best of Sporcle when you Go Orange. This ad-free experience offers more features, more stats, and more fun while also helping to support Sporcle. Thank you for becoming a member.

You're not logged in!

Compare scores with friends on all Sporcle quizzes.
OR
Log In

Show Comments

Extras

Top Quizzes Today


Score Distribution

Your Account Isn't Verified!

In order to create a playlist on Sporcle, you need to verify the email address you used during registration. Go to your Sporcle Settings to finish the process.

Report this User

Report this user for behavior that violates our Community Guidelines.

Details: